Samajik Samata aani Sangh (Record no. 367667)

MARC details
000 -LEADER
fixed length control field 00427nam a22001697a 4500
005 - DATE AND TIME OF LATEST TRANSACTION
control field 20250916094426.0
008 - FIXED-LENGTH DATA ELEMENTS--GENERAL INFORMATION
fixed length control field 250908b |||||||| |||| 00| 0 eng d
041 ## - LANGUAGE CODE
Language code of text/sound track or separate title Marathi
082 ## - DEWEY DECIMAL CLASSIFICATION NUMBER
Classification number 891.46
Item number GIT
100 ## - MAIN ENTRY--PERSONAL NAME
Author Gite Vilas
245 ## - TITLE STATEMENT
Title Samajik Samata aani Sangh
260 ## - PUBLICATION, DISTRIBUTION, ETC.
Place of publication, distribution, etc. Pune
Name of publisher, distributor, etc. Bharatiya Vichar Sadhana Pune Prakashan
Date of publication, distribution, etc. 2025
300 ## - PHYSICAL DESCRIPTION
Extent 24
365 ## - TRADE PRICE
Price amount 17.50
Currency code Rs.00
650 ## - SUBJECT ADDED ENTRY--TOPICAL TERM
Topical term or geographic name entry element General
942 ## - ADDED ENTRY ELEMENTS (KOHA)
Koha item type Books
Holdings
Withdrawn status Lost status Source of classification or shelving scheme Damaged status Not for loan Home library Current library Date acquired Vendor Net Price Full call number Barcode Date last seen Discount Actual Price Koha item type
    Dewey Decimal Classification     School of Fashion Technology School of Fashion Technology 14/08/2025 Bhartiya Vichar Sadhana Foundation 17.50 891.46 GIT SOFT-BK-4531 08/09/2025 30% 25.00 Books